000 00722nas a2200205 454500
001 1546
005 20260407193503.0
008 260407s1997####ag###########|||spa#d
003 AR-UNSa-BCEJYS
040 _aAR-UNSa-BCEJYS
_bspa
_cAR-UNSa-BCEJYS
080 _a34
_xDerecho
245 1 0 _aAnales de la Academia Nacional de Derecho y Ciencias Sociales de Córdoba
264 1 _aCórdoba :
_bAcademia Nacional de Derecho y Ciencias Sociales de Córdoba
_c1997
310 _aPerioricidad: Anual
942 _cSER
590 _aniveau_biblio:s niveau_hierar:1
100 1 _aAndruet, Armando S.
650 _aDerecho
856 4 1 _uhttps://biblioeco.unsa.edu.ar/pmb/images/revistas/ANALES (cordoba).jpg
_yImagen de portada
_qimage/jpeg
999 _c8381
_d8381